[Event "Olympiad-43"]
[Site "Batumi"]
[Date "2018.10.02"]
[Round "8.2"]
[White "Nzabanita, Joseph"]
[Black "Fernandes, Tomas"]
[Result "1-0"]
[WhiteElo "1849"]
[BlackElo "1627"]
[PlyCount "75"]
[EventDate "2018.09.24"]
[EventType "team-swiss"]
[EventRounds "11"]
[EventCountry "GEO"]
[SourceTitle "CBM 187"]
[Source "ChessBase"]
[SourceDate "2018.12.11"]
[SourceVersion "1"]
[SourceVersionDate "2018.12.11"]
[SourceQuality "1"]
[WhiteTeam "Rwanda"]
[BlackTeam "Timor Leste"]
[WhiteTeamCountry "RWA"]

1. e4 c5 2. Nf3 Nc6 3. d4 cxd4 4. Nxd4 Nf6 5. Nc3 g6 6. f3 Bg7 7. Be3 0-0 8. Qd2 a6 9. 0-0-0 Nxd4 10. Bxd4 b5 11. Nd5 Nxd5 12. Bxg7 Kxg7 13. Qxd5 Qa5 14. Qxa8 Qxa2 15. Qd5 Qa1+ 16. Kd2 Qxb2 17. Qc5 b4 18. Bd3 Bb7 19. Rb1 d6 20. Qxb4 Qf6 21. Qb2 e5 22. Qxb7 Qg5+ 23. Kc3 Qe3 24. Rb4 a5 25. Rc4 h5 26. Rb1 Qf2 27. Qb6 Qxg2 28. Qxa5 Qxh2 29. Qd5 Rd8 30. Rc7 Qf4 31. Rbb7 Rf8 32. Qxd6 h4 33. Bc4 Qxf3+ 34. Qd3 Qxd3+ 35. cxd3 h3 36. Rxf7+ Rxf7 37. Rxf7+ Kh6 38. Rf3 1-0

[Event "Olympiad-43"]
[Site "Batumi"]
[Date "2018.09.24"]
[Round "1.76"]
[White "Fernandes, Tomas"]
[Black "Dominguez Aguilar, Guillermo"]
[Result "0-1"]
[WhiteElo "1627"]
[BlackElo "2324"]
[PlyCount "78"]
[EventDate "2018.09.24"]
[EventType "team-swiss"]
[EventRounds "11"]
[EventCountry "GEO"]
[SourceTitle "CBM 187"]
[Source "ChessBase"]
[SourceDate "2018.12.11"]
[SourceVersion "1"]
[SourceVersionDate "2018.12.11"]
[SourceQuality "1"]
[WhiteTeam "Timor Leste"]
[BlackTeam "Mexico"]
[BlackTeamCountry "MEX"]

1. d4 Nf6 2. c4 c5 3. d5 e6 4. Nc3 exd5 5. cxd5 d6 6. Nf3 g6 7. Bg5 h6 8. Bd2 Bg7 9. g3 Na6 10. Bg2 0-0 11. 0-0 Re8 12. Re1 Bf5 13. Nh4 Bd7 14. a3 c4 15. b4 cxb3 16. Qxb3 Nc5 17. Qc2 Rc8 18. Qa2 b5 19. Rab1 a6 20. Rbc1 Ng4 21. Bf3 Ne5 22. Bg2 Nc4 23. Nb1 Na4 24. Bc3 Nxc3 25. Nxc3 Qa5 26. Nb1 Bb2 27. Rcd1 b4 28. Qb3 bxa3 29. Qd3 a2 30. Nxg6 fxg6 31. Qxg6+ Bg7 32. Be4 Rxe4 33. Qxe4 a1Q 34. Qe7 Qd8 35. Qe4 Qe8 36. Qf3 Qf6 37. Qd3 Nb2 38. Qxa6 Bb5 39. Qxd6 Qxd6 0-1